| 000 | 01383nam a2200289 i 4500 | ||
|---|---|---|---|
| 001 | 169814 | ||
| 003 | ES-MaACL | ||
| 005 | 20251013213559.0 | ||
| 008 | 081202s1823 fr |||| | fre d | ||
| 080 | _a821.133.1-21 | ||
| 245 | 0 | 0 |
_aSuite du répertoire du théâtre français _b: avec un chois des pièces de plusieurs autres théatres. _pTragédies. _nXI / _carrangées et mises en ordre par M. Lepeintre. |
| 260 |
_aParis : _bMme Veuve Dabo, _c1823 ( _fSenlis) |
||
| 300 |
_a332 p. ; _c14 cm. |
||
| 490 | 1 |
_aSuite du répertoire du théatre français ; _v11 |
|
| 500 | _aÍndice. | ||
| 500 | _aEnc. con: Suite du répertoire du théâtre français ; 12. | ||
| 505 | 8 |
_aContiene: ; _tJean-Sans-Peur / _rpar M. Liadières. -- _tOreste / _rpar M. Mély-Janin. -- _tPhocion / _rpar M. Royou. -- _tClovis / _rpar M. Viennet. |
|
| 597 | _a2 tomos en 1 v. | ||
| 700 | 1 |
_aLiadières, Pierre-Chaumont, _d1792-1858 _9138973 |
|
| 700 | 1 |
_aMély-Janin ( _d1777-1827) _9138975 |
|
| 700 | 1 |
_aRoyou, Jacques Corentin, _d1749-1828 _9138976 |
|
| 700 | 1 |
_aViennet, Jean-Pons-Guillaume, _d1777-1868 _9138977 |
|
| 700 | 1 |
_aLepeintre-Desroches, Pierre-Marie-Michel, _d1785-1847 _9138972 |
|
| 830 | 0 |
_aSuite du répertoire du théatre français ; _v11 _9188890 |
|
| 852 | 4 |
_aES-MaACL _jE-12313(1) _9R.190455 _z- Biblioteca Jacinto Martínez Lacalle |
|
| 999 |
_c169814 _d169814 |
||